000
00310nam a2200109Ia 4500
008
171211s9999 xx 000 0 und d
245
_a
Jam Today Too: The Revolution Will Not Be Catered
245
_c
Tod Davies
260
_c
2014
650
_x
COOKBOOKS
856
_u
http://down.ebook777.com/062/1935259253.pdf
999
_c
348159
_d
348159